000 00474nam a2200193 a 4500
001 1754968780839
003 ACL
005 20250812085413.0
008 250812s1993##################000#0#eng##
020 _a9780824790035
082 0 4 _a660.2995
_bBEC
100 1 _aBecker, Robert,
_eauthor.
245 1 0 _aComputer-Aided Design of Catalysts :
260 _bCRC Press,
_c1993.
300 _a648 pages
650 0 _aScience.
942 _cENGLISH
040 _aACL
_beng
_cACL
999 _c580377
_d580377